Przystanki linii 12 w Toruniu - Statystyki

Ogólne statystyki
  • Ten quiz został rozwiązany 12 razy
  • Średni wynik to 13 z 22
Statystyki odpowiedzi
Odpowiedź % Poprawnych
Dworzec Główny
91%
Plac Rapackiego
91%
Aleja Solidarności
82%
Kościuszki
82%
Polna
73%
Sąd Rejonowy
73%
Wielki Rów
73%
WRZOSY I
73%
Grzybowa
64%
Lisia
64%
Plac Armii Krajowej
64%
RUDAK
55%
Szczanieckiego
55%
Zagonowa
55%
Kozacka
45%
Łódzka
45%
Park Tysiąclecia
45%
Traktorowa
45%
Podgórska
27%
Rolnicza
27%
Wiśniowieckiego
27%
Liliowa
18%
Nie znaleziono quizów pasujących do podanych kryteriów
Rozkład punktacji
Procent ludzi z każdym wynikiem
Percentyl według liczby udzielonych odpowiedzi
Twoja historia wyników
Nie rozwiązałeś tego quizu